| 000 | 00623cam a2200229ua 4500 | ||
|---|---|---|---|
| 001 | 6928 | ||
| 005 | 20260515114129.0 | ||
| 008 | 141206n ii |||gr||||Z||||||asm | ||
| 020 | _a978-81-922265-9-0 | ||
| 040 | _cMAIN | ||
| 041 | _aasm | ||
| 082 | _a371.33 | ||
| 100 |
_aChaliha, Beda Kumar, _eAuthor., |
||
| 245 |
_aShaikshyik prayuktibidya _cby Beda Kumar Chaliha |
||
| 250 | _a3rd ed. | ||
| 260 |
_aGolaghat: _bSaraswati prakashan, _c2013. |
||
| 300 | _a261p. | ||
| 653 | _aSchools & their activities special education | ||
| 653 | _aEducational technology | ||
| 700 |
_aSonowal, Puranjoy, _eAithor. |
||
| 942 | _cBK | ||
| 999 |
_c6067 _d6067 |
||